Kelly Clarkson Songs - Statistics

General Stats
  • This quiz has been taken 162 times
  • The average score is 7 of 11
Answer Stats
Year Peak Song % Correct
2005 2 Since U Been Gone
90%
2004 6 Breakaway
80%
2005 7 Because Of You
78%
2002 1 A Moment Like This
71%
2009 1 My Life Would Suck Without You
67%
2005 6 Behind These Hazel Eyes
64%
2003 9 Miss Independent
64%
2016 8 Piece By Piece
63%
2007 8 Never Again
56%
2011 10 Mr. Know It All
54%
2012 1 Stronger (What Doesn't Kill You)
47%
No matching quizzes found
Score Distribution
Percent of People with Each Score
Percentile by Number Answered
Your Score History
You have not taken this quiz